[Event "BL 8788 Porz-Solingen"]
[Site "?"]
[Date "1988.??.??"]
[Round "?.1"]
[White "Short, N."]
[Black "Hort, V."]
[Result "1-0"]
[WhiteElo "2620"]
[BlackElo "2570"]
[PlyCount "83"]
[EventDate "1988.??.??"]

1. e4 e5 2. Nf3 Nf6 3. Nxe5 d6 4. Nf3 Nxe4 5. d4 d5 6. Bd3 Bd6 7. O-O O-O 8. c4
c6 9. Qc2 Na6 10. a3 Bg4 11. Nbd2 Nxd2 12. Nxd2 Qh4 13. f4 Rae8 14. c5 Bb8 15.
Nb3 Re7 16. Bd2 Rfe8 17. Rf2 Nc7 18. g3 Qh5 19. f5 f6 20. a4 Bf3 21. Raf1 Be4
22. Na5 Na6 23. Bxe4 dxe4 24. Qb3+ Qf7 25. Qxf7+ Kxf7 26. Re2 h5 27. b4 Rd7 28.
Rb1 Rxd4 29. Nxb7 e3 30. Bc3 Rd3 31. Rc1 Nc7 32. Nd6+ Kf8 33. Nxe8 Kxe8 34. Be1
Nd5 35. Rc4 Be5 36. Rh4 Rd1 37. Kg2 Kf7 38. Rxh5 Bd4 39. Rh8 a5 40. bxa5 Bxc5
41. a6 Ra1 42. a5 1-0

[Event "BL 8788 Porz-Solingen"]
[Site "?"]
[Date "1988.??.??"]
[Round "?.2"]
[White "Christiansen, L."]
[Black "Huebner, R."]
[Result "1/2-1/2"]
[WhiteElo "2575"]
[BlackElo "2610"]
[PlyCount "96"]
[EventDate "1988.??.??"]

1. d4 d5 2. c4 dxc4 3. Nf3 Nf6 4. e3 e6 5. Bxc4 c5 6. Qe2 cxd4 7. exd4 Nc6 8.
O-O Be7 9. Rd1 O-O 10. Nc3 Nb4 11. Ne5 Nfd5 12. Qf3 Bf6 13. Bb3 Bd7 14. Ne4 Be7
15. Nc5 Bc6 16. a3 Bxc5 17. dxc5 Na6 18. Nxc6 bxc6 19. Ba4 Nb8 20. b4 Qc7 21.
Bb2 Nd7 22. Rac1 Rab8 23. Rc4 a5 24. Rh4 axb4 25. Rxd5 exd5 26. Qf5 f6 27.
Qxh7+ Kf7 28. Rg4 Rg8 29. axb4 Ne5 30. Rf4 Rh8 31. Qf5 Nd3 32. Qxd3 Qxf4 33.
Bxc6 Qxh2+ 34. Kf1 Rhe8 35. Qxd5+ Kf8 36. Bxe8 Rxe8 37. Qd6+ Qxd6 38. cxd6 Re4
39. b5 Ke8 40. Bc3 Kd7 41. Bd2 Kxd6 42. b6 Kc6 43. Be3 f5 44. g3 Rb4 45. Ke2
Kd5 46. Kf3 g6 47. Ke2 Kc4 48. Kf3 Kd5 1/2-1/2

[Event "BL 8788 Porz-Solingen"]
[Site "?"]
[Date "1988.??.??"]
[Round "?.3"]
[White "Spassky, B."]
[Black "Schoen, W."]
[Result "1/2-1/2"]
[WhiteElo "2570"]
[BlackElo "2445"]
[PlyCount "116"]
[EventDate "1988.??.??"]

1. d4 Nf6 2. Nf3 c5 3. e3 b6 4. b3 g6 5. Bb2 Bg7 6. Be2 Bb7 7. O-O O-O 8. c4 d6
9. Nc3 cxd4 10. Nxd4 Nc6 11. Bf3 Qd7 12. Nxc6 Bxc6 13. Nd5 Nxd5 14. cxd5 Bb7
15. Bxg7 Kxg7 16. Qd4+ Kg8 17. a4 Rac8 18. a5 Qb5 19. axb6 axb6 20. Ra7 Rc7 21.
Qa4 Qxa4 22. Rxa4 Rc5 23. Ra7 Bxd5 24. Bxd5 Rxd5 25. Rxe7 Rb5 26. g3 Rxb3 27.
Rd1 Rd8 28. Rc1 Rb5 29. Rcc7 Rf5 30. f4 d5 31. g4 Rf6 32. Red7 Rxd7 33. Rxd7
Rc6 34. Rxd5 Rc1+ 35. Kf2 Rb1 36. h4 b5 37. Kf3 Kg7 38. h5 b4 39. Rb5 gxh5 40.
Rxh5 b3 41. Rb5 Kf6 42. g5+ Ke6 43. Ke4 b2 44. Rb6+ Ke7 45. Kf5 Re1 46. Rxb2
Rxe3 47. Rh2 Kf8 48. Rxh7 Kg8 49. Rh6 Kg7 50. Rb6 Ra3 51. Rd6 Ra5+ 52. Ke4 Ra1
53. Kf5 Ra5+ 54. Kg4 Ra4 55. Kf3 Ra3+ 56. Ke4 Ra1 57. Rd5 Kg6 58. Rd6+ Kg7
1/2-1/2

[Event "BL 8788 Porz-Solingen"]
[Site "?"]
[Date "1988.??.??"]
[Round "?.4"]
[White "Fleck, J."]
[Black "Lau, R."]
[Result "1/2-1/2"]
[WhiteElo "2385"]
[BlackElo "2555"]
[PlyCount "62"]
[EventDate "1988.??.??"]

1. e4 c5 2. Nf3 e6 3. d4 cxd4 4. Nxd4 Nc6 5. Nb5 d6 6. Bf4 e5 7. Be3 Nf6 8.
N1c3 a6 9. Na3 Rb8 10. Nd5 Nxd5 11. exd5 Ne7 12. c4 Nf5 13. Bd2 Be7 14. Bd3 O-O
15. O-O Nh4 16. b4 f5 17. f3 Kh8 18. Be3 Bg5 19. Bf2 Ng6 20. Re1 Nf4 21. Bf1
Bf6 22. Rb1 b6 23. g3 Ng6 24. c5 bxc5 25. bxc5 Rxb1 26. Qxb1 dxc5 27. Bxc5 Be7
28. Qb4 Bxc5+ 29. Qxc5 Bb7 30. Nc4 Qxd5 31. Qxd5 Bxd5 1/2-1/2

[Event "BL 8788 Porz-Solingen"]
[Site "?"]
[Date "1988.??.??"]
[Round "?.5"]
[White "Lobron, E."]
[Black "Schulz, K."]
[Result "1-0"]
[WhiteElo "2530"]
[BlackElo "2405"]
[PlyCount "101"]
[EventDate "1988.??.??"]

1. Nf3 Nf6 2. c4 c5 3. g3 d5 4. cxd5 Nxd5 5. Bg2 Nc6 6. d4 e6 7. O-O Nf6 8. e3
Be7 9. dxc5 Qxd1 10. Rxd1 Bxc5 11. a3 O-O 12. b4 Be7 13. Bb2 Rd8 14. Rxd8+ Nxd8
15. Ne5 Ne8 16. Nc3 Nd6 17. Ne4 Nxe4 18. Bxe4 f6 19. Nc4 Bd7 20. Na5 Rb8 21.
Rc1 Be8 22. Kf1 h6 23. Ke1 Kf8 24. Kd2 Ba4 25. f4 b6 26. Nc6 Nxc6 27. Bxc6 Rd8+
28. Ke2 Bxc6 29. Rxc6 Bd6 30. g4 Ke7 31. b5 Kd7 32. Kf3 h5 33. gxh5 Rh8 34. Kg4
Bc5 35. a4 Bxe3 36. Ba3 f5+ 37. Kg3 Bc5 38. Bxc5 bxc5 39. Ra6 c4 40. Rxa7+ Kd6
41. Rxg7 c3 42. Kh4 c2 43. Rg1 Rg8 44. Rc1 Rg4+ 45. Kh3 Rxf4 46. a5 Rb4 47. b6
Rb5 48. h6 f4 49. Rxc2 Rh5+ 50. Kg4 Rxh6 51. b7 1-0

[Event "BL 8788 Porz-Solingen"]
[Site "?"]
[Date "1988.??.??"]
[Round "?.6"]
[White "Heinbuch, D."]
[Black "Schulte, O."]
[Result "0-1"]
[WhiteElo "2380"]
[BlackElo "2425"]
[PlyCount "68"]
[EventDate "1988.??.??"]

1. d4 Nf6 2. c4 e6 3. Nf3 c5 4. d5 exd5 5. cxd5 d6 6. Nc3 g6 7. g3 Bg7 8. Bg2
O-O 9. O-O a6 10. a4 Nbd7 11. Nd2 Ne8 12. h3 Rb8 13. Nc4 Ne5 14. Nxe5 Bxe5 15.
Bh6 Ng7 16. a5 Re8 17. e4 f5 18. Qd2 b5 19. axb6 Rxb6 20. Ra2 Rb4 21. Bxg7 Bxg7
22. exf5 Bxf5 23. Rxa6 Rd4 24. Qc1 Bd3 25. Rc6 Bxf1 26. Bxf1 Rb4 27. Qc2 Bd4
28. Kg2 Qf6 29. Bd3 Rf8 30. f4 Rfb8 31. Nd1 Rxb2 32. Nxb2 Rxb2 33. Rc8+ Kg7 34.
Rc7+ Kh6 0-1

[Event "BL 8788 Porz-Solingen"]
[Site "?"]
[Date "1988.??.??"]
[Round "?.7"]
[White "Brunner, L."]
[Black "Garcia Palermo, C."]
[Result "1/2-1/2"]
[WhiteElo "2440"]
[BlackElo "2520"]
[PlyCount "103"]
[EventDate "1988.??.??"]

1. e4 c5 2. Nf3 Nf6 3. e5 Nd5 4. d4 cxd4 5. Qxd4 e6 6. Bc4 Nc6 7. Qe4 d6 8.
exd6 Qxd6 9. O-O Be7 10. Rd1 Nf6 11. Qe2 Qc7 12. Nc3 a6 13. Bg5 b5 14. Bd3 Bb7
15. Ne4 Nb4 16. Nxf6+ gxf6 17. Bh4 Rc8 18. Bg3 Qc6 19. c3 Nxd3 20. Rxd3 O-O 21.
Qf1 Rfd8 22. Nd4 Qd7 23. Nf5 Qxd3 24. Nxe7+ Kg7 25. Nxc8 Bxc8 26. Qxd3 Rxd3 27.
Bf4 e5 28. Be3 f5 29. Kf1 f4 30. Ke2 Rd5 31. Bb6 Bg4+ 32. f3 Be6 33. a4 Kg6 34.
Bf2 Kf5 35. axb5 Rxb5 36. b4 Bc4+ 37. Ke1 Rd5 38. Ra5 Bb5 39. c4 Bxc4 40. Rxd5
Bxd5 41. Bb6 Ke6 42. Bc7 Bc6 43. Kf2 Kd5 44. Bb8 Ba8 45. Bc7 Bb7 46. Bb8 Ba8
47. Bc7 Bb7 48. Bb8 Bc8 49. g3 fxg3+ 50. hxg3 f5 51. Ke3 h5 52. f4 1/2-1/2

[Event "BL 8788 Porz-Solingen"]
[Site "?"]
[Date "1988.??.??"]
[Round "?.8"]
[White "Schmidt, B."]
[Black "Schneider, B1."]
[Result "1/2-1/2"]
[WhiteElo "2325"]
[BlackElo "2335"]
[PlyCount "50"]
[EventDate "1988.??.??"]

1. d4 g6 2. c4 Bg7 3. Nc3 d6 4. e4 e5 5. Be3 Nc6 6. d5 Nce7 7. Qd2 f5 8. f3 Nf6
9. O-O-O O-O 10. Bd3 fxe4 11. Nxe4 Nf5 12. Bg5 Nxe4 13. fxe4 Qxg5 14. Qxg5 Bh6
15. Qxh6 Nxh6 16. h3 Bd7 17. Rf1 Rxf1+ 18. Bxf1 Kg7 19. Kd2 Ng8 20. Ke3 Nf6 21.
Ne2 Rf8 22. Ng3 h5 23. Be2 a5 24. Rc1 b6 25. b3 Kf7 1/2-1/2

[Event "BL 8788 Wattenscheid-Bochum"]
[Site "?"]
[Date "1988.??.??"]
[Round "?.2"]
[White "Sandkamp, R."]
[Black "Graf, J."]
[Result "0-1"]
[WhiteElo "2250"]
[BlackElo "2405"]
[PlyCount "54"]
[EventDate "1988.??.??"]

1. e4 Nf6 2. e5 Nd5 3. d4 d6 4. Nf3 Bg4 5. h3 Bxf3 6. Qxf3 dxe5 7. dxe5 e6 8.
a3 c6 9. Nd2 Nd7 10. Qg3 Ne7 11. Nc4 Nf5 12. Qc3 Nb6 13. Nxb6 axb6 14. Bd3 Qd5
15. Rg1 Bc5 16. Bxf5 exf5 17. Be3 Rd8 18. Ke2 Bxe3 19. fxe3 O-O 20. Rad1 Qe4
21. Rd4 Rxd4 22. Qxd4 Qxc2+ 23. Kf3 c5 24. Qd5 Qxb2 25. Rd1 h6 26. Qxb7 Qxe5
27. Rb1 Re8 0-1

[Event "BL 8788 Wattenscheid-Bochum"]
[Site "?"]
[Date "1988.??.??"]
[Round "?.5"]
[White "Backwinkel, P."]
[Black "Franke, J."]
[Result "1-0"]
[WhiteElo "2310"]
[BlackElo "2220"]
[PlyCount "71"]
[EventDate "1988.??.??"]

1. d4 c5 2. dxc5 e6 3. Nc3 Bxc5 4. Ne4 d5 5. Nxc5 Qa5+ 6. Qd2 Qxc5 7. Qg5 g6 8.
c3 f6 9. Qh4 Nc6 10. Nf3 e5 11. e4 Be6 12. exd5 Qxd5 13. Be2 g5 14. Bxg5 fxg5
15. Nxg5 h6 16. O-O Qd6 17. f4 hxg5 18. Qxh8 gxf4 19. Rad1 Qc5+ 20. Kh1 Qe7 21.
Bg4 Kf8 22. Bxe6 Qxe6 23. b4 Rd8 24. b5 Rxd1 25. Rxd1 Nce7 26. Rd8+ Kf7 27.
Qh7+ Kf6 28. Rf8+ Kg5 29. Rf7 f3 30. gxf3 Qc4 31. Kg1 Ng6 32. Qxg8 Qd3 33. h4+
Kxh4 34. Qh7+ Kg5 35. Qh3 Qxc3 36. Rf5# 1-0

[Event "BL 8788 Solingen-Wattenscheid"]
[Site "?"]
[Date "1988.??.??"]
[Round "?.5"]
[White "Franke, J."]
[Black "Ostermeyer, P."]
[Result "1/2-1/2"]
[WhiteElo "2220"]
[BlackElo "2450"]
[PlyCount "62"]
[EventDate "1988.??.??"]

1. e4 c5 2. Nc3 Nc6 3. g3 g6 4. Bg2 Bg7 5. d3 d6 6. Be3 Nd4 7. Qd2 Qa5 8. f4
Bd7 9. Nf3 Nh6 10. h3 f5 11. O-O O-O 12. a3 Rac8 13. Rae1 e6 14. e5 Nxf3+ 15.
Bxf3 dxe5 16. fxe5 Nf7 17. Bf4 Bc6 18. g4 Bxf3 19. Rxf3 Qd8 20. gxf5 gxf5 21.
Rg3 Kh8 22. Kh2 Rg8 23. Reg1 Qh4 24. Qe3 b6 25. Ne2 Bh6 26. Rxg8+ Rxg8 27.
Rxg8+ Kxg8 28. Bxh6 Nxh6 29. Kg2 Nf7 30. Nf4 Nd8 31. c3 Qg5+ 1/2-1/2

[Event "BL 8788 Bochum-Porz"]
[Site "?"]
[Date "1988.??.??"]
[Round "?.1"]
[White "Hort, V."]
[Black "Thesing, M."]
[Result "1-0"]
[WhiteElo "2570"]
[BlackElo "2355"]
[PlyCount "64"]
[EventDate "1988.??.??"]

1. e3 e5 2. c4 Nf6 3. Nc3 Bb4 4. Nge2 c6 5. a3 Be7 6. d4 exd4 7. Nxd4 d5 8. b3
O-O 9. Bb2 c5 10. Nf3 Be6 11. Bd3 dxc4 12. bxc4 Nc6 13. Qc2 h6 14. O-O Qc8 15.
Rfd1 Rd8 16. Ne4 Ne8 17. h3 Kf8 18. Rd2 Qc7 19. Rad1 Qa5 20. Ng3 Bf6 21. Nh5
Bxb2 22. Qxb2 Qa6 23. Qc3 Qa5 24. Qc1 Rd6 25. Be4 Rxd2 26. Rxd2 Qa6 27. Nf4 Na5
28. Nxe6+ fxe6 29. Qc3 Qxc4 30. Qe5 Nf6 31. Bg6 Nc6 32. Qc7 Ne7 1-0

[Event "BL 8788 Bochum-Porz"]
[Site "?"]
[Date "1988.??.??"]
[Round "?.3"]
[White "Schoen, W."]
[Black "Sonntag, H."]
[Result "1/2-1/2"]
[WhiteElo "2445"]
[BlackElo "2405"]
[PlyCount "43"]
[EventDate "1988.??.??"]

1. d4 d5 2. c4 e6 3. Nc3 Be7 4. Nf3 Nf6 5. cxd5 exd5 6. Bg5 c6 7. Qc2 g6 8. e4
dxe4 9. Bxf6 Bxf6 10. Qxe4+ Qe7 11. Bc4 Bf5 12. Qxe7+ Kxe7 13. O-O Rd8 14.
Rfe1+ Kf8 15. h3 h5 16. Ne4 Bxe4 17. Rxe4 Nd7 18. Rf4 Nb6 19. Bxf7 Kxf7 20.
Ng5+ Kg7 21. Ne6+ Kf7 22. Ng5+ 1/2-1/2

[Event "BL 8788 Bochum-Porz"]
[Site "?"]
[Date "1988.??.??"]
[Round "?.4"]
[White "Beckemeyer, W."]
[Black "Fleck, J."]
[Result "1/2-1/2"]
[WhiteElo "2335"]
[BlackElo "2385"]
[PlyCount "24"]
[EventDate "1988.??.??"]

1. Nf3 d6 2. c4 f5 3. Nc3 Nf6 4. d3 g6 5. e4 Bg7 6. exf5 Bxf5 7. d4 O-O 8. Be2
Ne4 9. Nxe4 Bxe4 10. O-O c6 11. Be3 Na6 12. Qd2 Qb6 1/2-1/2

[Event "BL 8788 Bochum-Porz"]
[Site "?"]
[Date "1988.??.??"]
[Round "?.5"]
[White "Schulz, K."]
[Black "Backwinkel, P."]
[Result "1-0"]
[WhiteElo "2405"]
[BlackElo "2310"]
[PlyCount "67"]
[EventDate "1988.??.??"]

1. Nf3 d5 2. d4 c6 3. c4 e6 4. Qc2 f5 5. Bf4 Nf6 6. e3 Be7 7. Bd3 O-O 8. Nbd2
Bd7 9. Ne5 Be8 10. f3 Nh5 11. Bg3 Nxg3 12. hxg3 Nd7 13. Nxd7 Qxd7 14. g4 Bg6
15. O-O-O Qe8 16. gxf5 Bxf5 17. e4 dxe4 18. Nxe4 Rd8 19. Qf2 Qg6 20. Rhe1 Rf7
21. Bc2 Bb4 22. Re2 Rfd7 23. g4 Bxe4 24. Rxe4 Qh6+ 25. Kb1 Bc5 26. a3 g6 27.
Qe2 Bf8 28. Rxe6 Rxd4 29. Rxd4 Rxd4 30. Re8 Qf4 31. c5 Kg7 32. Qe6 Bxc5 33.
Rg8+ Kh6 34. Rxg6+ 1-0

[Event "BL 8788 Bochum-Porz"]
[Site "?"]
[Date "1988.??.??"]
[Round "?.6"]
[White "Boesken, C."]
[Black "Heinbuch, D."]
[Result "1/2-1/2"]
[WhiteElo "2250"]
[BlackElo "2380"]
[PlyCount "78"]
[EventDate "1988.??.??"]

1. Nf3 c5 2. c4 Nf6 3. Nc3 b6 4. g3 Bb7 5. Bg2 e6 6. O-O a6 7. b3 d6 8. d4 cxd4
9. Qxd4 Nbd7 10. Ng5 Bxg2 11. Kxg2 Be7 12. Rd1 O-O 13. Nge4 Ne8 14. Bb2 Qc7 15.
a4 Qb7 16. f3 Nc5 17. Nd2 Bf6 18. Qf2 d5 19. b4 Nd7 20. cxd5 exd5 21. Rac1 Ne5
22. Ba1 Nc7 23. Nb3 Rad8 24. Nd4 Ne6 25. Na2 Nc4 26. Nxe6 fxe6 27. Bxf6 gxf6
28. Nc3 e5 29. e3 b5 30. axb5 axb5 31. Rd3 Rd7 32. Rcd1 Rfd8 33. Kg1 Qc6 34.
Qd2 Kg7 35. Qf2 Qb7 36. Qe2 Kh8 37. Qf2 Kg7 38. Qe2 Kh8 39. Qf2 Kg7 1/2-1/2

[Event "BL 8788 Bochum-Porz"]
[Site "?"]
[Date "1988.??.??"]
[Round "?.8"]
[White "Ueter, H."]
[Black "Garcia Palermo, C."]
[Result "1-0"]
[WhiteElo "2230"]
[BlackElo "2520"]
[PlyCount "110"]
[EventDate "1988.??.??"]

1. e4 c6 2. d4 d5 3. Nc3 dxe4 4. Nxe4 Bf5 5. Ng3 Bg6 6. Nf3 Nd7 7. Bd3 e6 8.
Bxg6 hxg6 9. O-O Qc7 10. c4 Ngf6 11. Re1 Bd6 12. Bd2 O-O 13. Qe2 Rad8 14. b4
Rfe8 15. Bc3 b5 16. Rac1 Bf4 17. Bd2 Bxd2 18. Qxd2 Qb8 19. Qe2 a6 20. Ne5 Qd6
21. a3 Rc8 22. Red1 Red8 23. Nf1 Ne8 24. f4 Nf8 25. g3 f6 26. Nf3 Qd7 27. Ne3
Nd6 28. Nd2 Qf7 29. Nb3 Nd7 30. Na5 f5 31. Nf1 Ne4 32. Nd2 Ndf6 33. Nf3 Ng4 34.
Ng5 Nxg5 35. fxg5 Qe7 36. h3 Qxg5 37. hxg4 Rxd4 38. Rxd4 Qxc1+ 39. Rd1 Qxa3 40.
Kg2 Re8 41. Nxc6 Qb3 42. cxb5 axb5 43. Ne5 Ra8 44. Rd2 Qxb4 45. Nxg6 Qxg4 46.
Qxg4 fxg4 47. Rb2 Rb8 48. Ne5 b4 49. Nxg4 Kf7 50. Ne5+ Ke8 51. Nc6 Rb6 52. Nxb4
Kf7 53. Nd3 Rd6 54. Ne5+ Kf6 55. Nf3 e5 1-0

[Event "BL 8788 Heidelberg-Erlangen"]
[Site "?"]
[Date "1988.??.??"]
[Round "?.1"]
[White "Unzicker, W."]
[Black "Ostl, A."]
[Result "1-0"]
[WhiteElo "2465"]
[BlackElo "2385"]
[PlyCount "51"]
[EventDate "1988.??.??"]

1. e4 c5 2. Nf3 d6 3. d4 cxd4 4. Nxd4 Nf6 5. Nc3 a6 6. Be2 b6 7. Bf3 Ra7 8. Nd5
e6 9. Nxf6+ Qxf6 10. O-O Rc7 11. b3 Bb7 12. Bb2 Nd7 13. Qe2 Ne5 14. Bh5 g5 15.
c4 Rg8 16. Nf3 Nxf3+ 17. Bxf3 Qf4 18. g3 g4 19. Bg2 Qg5 20. e5 Bxg2 21. Kxg2 h5
22. Rfd1 dxe5 23. Bxe5 Rc8 24. Qe4 Qe7 25. Bd6 Qa7 26. Qh7 1-0

[Event "BL 8788 Heidelberg-Erlangen"]
[Site "?"]
[Date "1988.??.??"]
[Round "?.2"]
[White "Mack, P."]
[Black "Kuligowski, A."]
[Result "1-0"]
[WhiteElo "2285"]
[BlackElo "2415"]
[PlyCount "97"]
[EventDate "1988.??.??"]

1. Nf3 b6 2. g3 Bb7 3. Bg2 c5 4. O-O g6 5. c4 Bg7 6. Nc3 Nc6 7. e3 Nh6 8. e4
O-O 9. d3 d6 10. h3 Qd7 11. Be3 f5 12. Qd2 Nf7 13. b3 Nd4 14. Ne1 a6 15. f4 b5
16. Rb1 Bc6 17. Nc2 Rfb8 18. Bf2 e6 19. Bxd4 cxd4 20. Ne2 Qa7 21. Nb4 Bb7 22.
cxb5 axb5 23. Kh2 Rc8 24. Rbc1 Rc5 25. exf5 gxf5 26. Nc6 Qb6 27. Nexd4 Re8 28.
Qb4 e5 29. Rxc5 dxc5 30. Qxb5 Qxb5 31. Nxb5 exf4 32. Na5 fxg3+ 33. Kxg3 Bxg2
34. Kxg2 Re2+ 35. Kf3 Rxa2 36. Nc4 Ng5+ 37. Kg3 Ne6 38. Re1 f4+ 39. Kg4 Rg2+
40. Kf5 Ng5 41. Re8+ Bf8 42. h4 f3 43. hxg5 Re2 44. Re3 f2 45. Rf3 Bg7 46. Ncd6
Rb2 47. Ke4 Rxb3 48. Rxf2 Rb4+ 49. Kd5 1-0

[Event "BL 8788 Heidelberg-Erlangen"]
[Site "?"]
[Date "1988.??.??"]
[Round "?.3"]
[White "Huenerkopf, H."]
[Black "Steinbacher, M."]
[Result "0-1"]
[WhiteElo "2255"]
[BlackElo "2260"]
[PlyCount "46"]
[EventDate "1988.??.??"]

1. e4 c5 2. c3 e6 3. d4 d5 4. exd5 exd5 5. Nf3 Nc6 6. Be3 cxd4 7. Bxd4 Nf6 8.
Bxf6 gxf6 9. Bb5 Qe7+ 10. Qe2 a6 11. Ba4 Rg8 12. Qxe7+ Bxe7 13. g3 Bh3 14. Nd4
Rc8 15. Kd2 b5 16. Bc2 Nxd4 17. cxd4 Rc4 18. Bxh7 Rxd4+ 19. Ke2 Rh8 20. Bc2 Rh5
21. Kf3 Re5 22. Nc3 Rd2 23. Rac1 Bc5 0-1

[Event "BL 8788 Heidelberg-Erlangen"]
[Site "?"]
[Date "1988.??.??"]
[Round "?.7"]
[White "Autenrieth, M."]
[Black "Krieger, H."]
[Result "1/2-1/2"]
[WhiteElo "2355"]
[BlackElo "2215"]
[PlyCount "25"]
[EventDate "1988.??.??"]

1. e4 c5 2. d3 Nc6 3. g3 g6 4. Bg2 Bg7 5. Nf3 e6 6. O-O Nge7 7. Nbd2 O-O 8. Re1
d6 9. a4 h6 10. c3 e5 11. Nc4 Be6 12. Qe2 Qd7 13. a5 1/2-1/2

[Event "BL 8788 Koblenz-Bamberg"]
[Site "?"]
[Date "1988.??.??"]
[Round "?.1"]
[White "Pfleger, H."]
[Black "Gutman, L."]
[Result "1/2-1/2"]
[WhiteElo "2485"]
[BlackElo "2475"]
[PlyCount "29"]
[EventDate "1988.??.??"]

1. Nf3 Nf6 2. g3 g6 3. Bg2 Bg7 4. O-O O-O 5. d4 d5 6. c4 dxc4 7. Na3 a5 8. Nxc4
Be6 9. Nce5 Bd5 10. Bf4 Na6 11. a3 c5 12. Rc1 Rc8 13. Qa4 Ne4 14. Rfd1 Nd6 15.
Bd2 1/2-1/2

[Event "BL 8788 Koblenz-Bamberg"]
[Site "?"]
[Date "1988.??.??"]
[Round "?.2"]
[White "Andruet, G."]
[Black "Zysk, R."]
[Result "1/2-1/2"]
[WhiteElo "2390"]
[BlackElo "2400"]
[PlyCount "78"]
[EventDate "1988.??.??"]

1. d4 Nf6 2. c4 e6 3. Nf3 Bb4+ 4. Bd2 Bxd2+ 5. Qxd2 O-O 6. g3 d6 7. Nc3 Nbd7 8.
Bg2 e5 9. O-O Nb6 10. b3 Qe7 11. e4 a5 12. Qd3 Bg4 13. Nd5 Nbxd5 14. cxd5 Bxf3
15. Bxf3 Rfe8 16. Rfe1 Nd7 17. Rac1 exd4 18. Qxd4 Nc5 19. Re3 f6 20. Qc4 Qd7
21. a3 b5 22. Qc3 b4 23. axb4 axb4 24. Qxb4 Reb8 25. Qc4 Qb5 26. Be2 Qa5 27.
Qc2 Qb4 28. Bc4 Ra3 29. Qc3 Qb6 30. Kh1 Qa7 31. Kg2 Re8 32. Qd4 Qb6 33. Rc2 Qb4
34. h4 Rea8 35. Qd2 Qb6 36. Qe2 h6 37. Rb2 Nd7 38. Bb5 Ne5 39. Ba4 Ra1 {
Rest nicht zu entziffern; 1-0/43} 1/2-1/2

[Event "BL 8788 Koblenz-Bamberg"]
[Site "?"]
[Date "1988.??.??"]
[Round "?.4"]
[White "Brueckner, T."]
[Black "Hartmann, G."]
[Result "1-0"]
[WhiteElo "2400"]
[BlackElo "2330"]
[PlyCount "63"]
[EventDate "1988.??.??"]

1. c4 Nf6 2. Nf3 c5 3. g3 e6 4. Bg2 d5 5. O-O Nc6 6. cxd5 Nxd5 7. d4 Be7 8.
dxc5 Bxc5 9. a3 O-O 10. Qc2 Be7 11. e4 Nb6 12. Bf4 Bd7 13. Nc3 g5 14. Be3 Nc4
15. Qe2 Nxe3 16. Qxe3 g4 17. Nd4 Bg5 18. Nxc6 Bxc6 19. Qe2 h5 20. Rad1 Qb6 21.
h3 Kg7 22. hxg4 h4 23. gxh4 Bxh4 24. e5 Rh8 25. Bxc6 bxc6 26. Ne4 Rag8 27. Kg2
Qc7 28. f4 f5 29. exf6+ Bxf6 30. Nc5 Qc8 31. Rd7+ Kf8 32. Qxe6 1-0

[Event "BL 8788 Koblenz-Bamberg"]
[Site "?"]
[Date "1988.??.??"]
[Round "?.5"]
[White "Meister, P."]
[Black "Bayer, E."]
[Result "1/2-1/2"]
[WhiteElo "2370"]
[BlackElo "2360"]
[PlyCount "55"]
[EventDate "1988.??.??"]

1. d4 Nf6 2. c4 e6 3. Nf3 d5 4. Nc3 Be7 5. Bg5 h6 6. Bh4 O-O 7. e3 b6 8. Rc1
Bb7 9. Be2 Nbd7 10. O-O c5 11. cxd5 Nxd5 12. Bxe7 Qxe7 13. Nxd5 Bxd5 14. Qa4
Rfd8 15. Rfd1 cxd4 16. Nxd4 Nc5 17. Qa3 e5 18. Nb5 a6 19. Nc3 Bb7 20. Qb4 Qg5
21. e4 Qg6 22. Nd5 Bxd5 23. exd5 Rd6 24. Qc3 Qg5 25. b4 Ne4 26. Qc2 Nf6 27.
Bxa6 Rad8 28. Bc4 1/2-1/2

[Event "BL 8788 Koblenz-Bamberg"]
[Site "?"]
[Date "1988.??.??"]
[Round "?.6"]
[White "Seul, G."]
[Black "Kurz, A."]
[Result "1/2-1/2"]
[WhiteElo "2275"]
[BlackElo "2305"]
[PlyCount "58"]
[EventDate "1988.??.??"]

1. d4 Nf6 2. Nf3 g6 3. Bg5 Bg7 4. c3 O-O 5. Nbd2 d5 6. e3 b6 7. Bd3 Bb7 8. O-O
Nbd7 9. Bh4 c5 10. Ne5 Nxe5 11. dxe5 Ne4 12. f4 f5 13. exf6 Bxf6 14. Bxf6 exf6
15. Nxe4 dxe4 16. Bc4+ Kg7 17. Qe2 Qc7 18. Rad1 Rad8 19. h3 f5 20. Rxd8 Rxd8
21. Rd1 Rxd1+ 22. Qxd1 Bc6 23. Kf2 Qd7 24. Qxd7+ Bxd7 25. Kg3 Kf6 26. Kh4 h6
27. g4 Ke7 28. Be2 Be6 29. a3 Kf7 1/2-1/2

[Event "BL 8788 Koblenz-Bamberg"]
[Site "?"]
[Date "1988.??.??"]
[Round "?.7"]
[White "Ruehrig, V."]
[Black "Schlick, V."]
[Result "1/2-1/2"]
[WhiteElo "2360"]
[BlackElo "2290"]
[PlyCount "76"]
[EventDate "1988.??.??"]

1. c4 Nf6 2. Nc3 g6 3. g3 Bg7 4. Bg2 c5 5. e3 O-O 6. Nge2 Nc6 7. a3 d6 8. Rb1
Ne5 9. d3 Bf5 10. e4 Bg4 11. O-O Qd7 12. f3 Bh3 13. g4 Bxg2 14. Kxg2 e6 15. Ng3
Ne8 16. f4 Nc6 17. Be3 Nd4 18. Rf2 f5 19. gxf5 gxf5 20. Kh1 Nf6 21. Rg2 Ng4 22.
Bg1 Kh8 23. exf5 exf5 24. Nd5 Rg8 25. h3 Nf6 26. Bxd4 cxd4 27. Nxf6 Bxf6 28.
Qh5 d5 29. c5 Rae8 30. Rbg1 Qe6 31. Re2 Qd7 32. Rxe8 Qxe8 33. Qxf5 Bh4 34. Qxd5
Rxg3 35. Qxd4+ Kg8 36. Qd5+ Kh8 37. Qd4+ Kg8 38. Qd5+ Kh8 1/2-1/2

[Event "BL 8788 Koblenz-Bamberg"]
[Site "?"]
[Date "1988.??.??"]
[Round "?.8"]
[White "Weidemann, J."]
[Black "Kestler, H."]
[Result "1-0"]
[WhiteElo "2290"]
[BlackElo "2385"]
[PlyCount "131"]
[EventDate "1988.??.??"]

1. e4 c5 2. c3 e6 3. d4 d5 4. e5 Nc6 5. Nf3 Bd7 6. a3 Nge7 7. b4 cxd4 8. cxd4
Nf5 9. Bb2 Be7 10. Nbd2 a5 11. b5 Na7 12. a4 Nc8 13. Bd3 Nb6 14. O-O Bb4 15.
Ne1 Rc8 16. Bxf5 exf5 17. Nd3 Bxd2 18. Qxd2 Nc4 19. Qe2 b6 20. Bc1 O-O 21. Nf4
Be6 22. Rb1 Re8 23. Qh5 f6 24. Nxe6 Rxe6 25. Qxf5 Qd7 26. exf6 gxf6 27. Rb3 Kh8
28. Rh3 Rce8 29. Rh5 Rd6 30. Qf3 Qe6 31. Rh6 Qe4 32. Rxf6 Qxf3 33. Rxf3 Re2 34.
Rf7 Rc2 35. Re1 Re6 36. Be3 Nb2 37. Rd7 Nxa4 38. Rxd5 Nc3 39. Rd8+ Kg7 40. d5
Re5 41. d6 a4 42. d7 Rd5 43. Bxb6 a3 44. Ra8 Re2 45. Rf1 Rxd7 46. Rxa3 Nxb5 47.
Rg3+ Kf7 48. Rf3+ Kg8 49. Be3 Nd6 50. Ra1 Nc4 51. Bh6 Re8 52. h3 Rd6 53. Rg3+
Rg6 54. Rxg6+ hxg6 55. g3 Re5 56. Bf4 Re2 57. Rc1 Nb2 58. Kf1 Re6 59. Rc8+ Kf7
60. Rd8 Kf6 61. Rd4 Rc6 62. h4 Nc4 63. f3 Kf5 64. Re4 Nd6 65. Bxd6 Rxd6 66.
Rf4+ 1-0

[Event "BL 8788 Erlangen-Koblenz"]
[Site "?"]
[Date "1988.??.??"]
[Round "?.1"]
[White "Gutman, L."]
[Black "Unzicker, W."]
[Result "1-0"]
[WhiteElo "2475"]
[BlackElo "2465"]
[PlyCount "65"]
[EventDate "1988.??.??"]

1. Nf3 Nf6 2. g3 d5 3. Bg2 c5 4. O-O Nc6 5. c4 dxc4 6. Na3 g6 7. Nxc4 Bg7 8. b3
O-O 9. Bb2 Ne8 10. Rc1 Rb8 11. Nfe5 Nxe5 12. Nxe5 Qd6 13. f4 Be6 14. Ba3 Bxe5
15. fxe5 Qxe5 16. Bxc5 Nd6 17. e4 Rbc8 18. d4 Qg5 19. Qe1 b6 20. Ba3 f6 21.
Rxc8 Rxc8 22. Qf2 Rd8 23. d5 Bf7 24. Bb2 Rc8 25. Bf3 Qh6 26. h4 Rc7 27. e5 fxe5
28. Bxe5 Rc1 29. Bd1 Rc7 30. Bb2 Be8 31. Qd4 Nf7 32. Bg4 Bd7 33. Be6 1-0

[Event "BL 8788 Erlangen-Koblenz"]
[Site "?"]
[Date "1988.??.??"]
[Round "?.2"]
[White "Kuligowski, A."]
[Black "Andruet, G."]
[Result "1/2-1/2"]
[WhiteElo "2415"]
[BlackElo "2390"]
[PlyCount "52"]
[EventDate "1988.??.??"]

1. d4 Nf6 2. c4 c5 3. d5 b5 4. Nf3 Bb7 5. a4 b4 6. Nbd2 d6 7. e4 e5 8. g3 g6 9.
Bh3 Bh6 10. Qe2 O-O 11. O-O Bc8 12. Bxc8 Qxc8 13. Kg2 Nh5 14. Ng1 Qe8 15. Nh3
Nd7 16. f4 f5 17. exf5 gxf5 18. fxe5 dxe5 19. Nf3 Bxc1 20. Raxc1 Ng7 21. Nh4
Qe7 22. Nf4 Qf7 23. Ne6 Nxe6 24. dxe6 Qxe6 25. Nxf5 Kh8 26. Ne3 Qc6+ {Rest
nicht zu entziffern; Remis/39} 1/2-1/2